000
00309nam a2200097Ia 4500
008
200619s9999 xx 000 0 und d
020
_a
978-0-13-212954-1
245
_a
Btec level 4/5 hnc in computing and systems development/
260
_a
United Kingdom :
_b
Pearson Education Limited
_c
2011
300
_a
338 pages
999
_c
363715
_d
363715